000 00973nam a2200265Ia 4500
003 OSt
005 20220923212719.0
006 a|||||r|||| 00| 0
007 ta
008 220922b |||||||| |||| 00| 0 san d
024 _a155,510
037 _cTextual
040 _aARTS
_cARTS
_bsan
041 _2san
_asan
082 _aO15,2:g, 152M2
100 _aपाण्डेय, रामजी
_9156369
245 0 _aभारतीय नाट्य - सिद्धांत
_b उद्भव और विकास
246 _aBhāratīya nāṭya - siddhāanta: udbhav aur vikāsa
260 _aपटना
_b बिहार राष्ट्रभाषा - परिषद्
_c1982
300 _a643पृ0
_ccm.
650 _a संस्कृत नाटक
650 _aसंस्कृत साहित्य
942 _hO15,2:g, 152M2
_cTEXL
_2CC
999 _c311014
_d311014